| 000 | 00686nam a22002177a 4500 | ||
|---|---|---|---|
| 999 |
_c4690 _d4690 |
||
| 003 | AR-CdUCM | ||
| 008 | 190311b ||||| |||| 00| 0 spa d | ||
| 020 | _a8472322416 | ||
| 040 |
_aMUNICIPALIDAD PROVINCIAL DEL CUSCO _cBIBLIOTECA MUNICIPAL DEL CUSCO |
||
| 082 |
_a869.974 / _bR78 |
||
| 100 |
_aRojas Abreu, Enriquillo _914569 |
||
| 245 | _aAprendiz de dios / | ||
| 260 |
_aMadrid : _bEdiciones cultura hispánica, |
||
| 300 |
_a30 páginas ; _c22 cm. |
||
| 500 | _aDonación de la familia Nieto. | ||
| 650 |
_aPoesía Dominicana _914570 |
||
| 650 |
_aPoetas dominicanos _914571 |
||
| 650 |
_aPoesía contemporánea dominicana _914572 |
||
| 942 |
_2ddc _cLIBROS |
||
| 945 | _alccs | ||